Pays qui ont déjà participé à la coupe du monde - Statistiques

Statistiques générales
  • Ce quiz a été pris 95 fois
  • Le résultat moyen est 65 sur 85
Statistiques - réponses
Hint Réponse % Correct
16 France
100%
18 Argentine
99%
20 Allemagne
97%
18 Italie
97%
6 Maroc
97%
22 Brésil
96%
9 Chili
96%
11 États Unis
96%
4 Algérie
95%
6 Australie
95%
16 Espagne
95%
7 Japon
95%
8 Portugal
95%
4 Russie
95%
12 Suède
95%
14 Uruguay
95%
16 Angleterre
94%
6 Tunisie
94%
2 Canada
92%
3 Irlande
92%
3 Norvège
92%
14 Belgique
91%
12 Suisse
91%
1 Chine
90%
6 Colombie
90%
6 Croatie
90%
17 Mexique
90%
11 Pays-Bas
89%
11 Corée du Sud
87%
3 Égypte
87%
9 Pologne
87%
3 Afrique du Sud
86%
6 Arabie Saoudite
86%
3 Grèce
86%
5 Pérou
86%
3 Sénégal
86%
7 Autriche
85%
8 Cameroun
85%
9 Hongrie
85%
8 Paraguay
85%
2 Turquie
85%
2 Nouvelle-Zélande
84%
1 Slovaquie
84%
6 Danemark
82%
4 Équateur
82%
1 Ukraine
82%
8 Écosse
81%
3 Serbie
81%
2 Slovénie
81%
6 Iran
80%
1 Islande
80%
1 Qatar
80%
2 Pays de Galles
78%
1 Tchéquie
78%
7 Roumanie
77%
3 Honduras
75%
1 Inde
75%
3 Bolivie
72%
7 Bulgarie
72%
2 Corée du Nord
71%
3 Côte d'Ivoire
71%
1 Irak
71%
6 Nigeria
71%
1 Cuba
70%
1 Panama
67%
6 Costa Rica
66%
4 Ghana
66%
1 Israel
66%
1 Jamaique
65%
1 Bosnie
62%
7 URSS
62%
8 Yougoslavie
58%
2 Salvador
57%
3 Irlande du Nord
56%
1 Togo
53%
8 Tchécoslovaquie
51%
1 Émirats
48%
1 Angola
47%
1 Haiti
46%
1 Allemagne de l'Est
37%
1 Koweït
34%
1 Trinité-et-Tobago
28%
1 Zaire
19%
2 Serbie-et-Monténegro
8%
1 Indes Orientales Néelandaises
0%
Aucun quiz correspondant
Distribution des résultats
% des personnes avec chaque résultat
Percentile par nombre de réponses
Votre historique - résultats
Vous n’avez pas pris ce quiz